Leadership-driven hr : transforming hr to driver value for the business.
| Main Author: | |
|---|---|
| Format: | Book |
| Published: |
Toronto:
Josey - Bass,
2013.
|
| Subjects: |
| LEADER | 00512cam a2200169 7i4500 | ||
|---|---|---|---|
| 001 | 0000030543 | ||
| 005 | 20140129090000.0 | ||
| 020 | 0 | 0 | |a 9781118362822 |
| 090 | 0 | 0 | |a B 658.3 |b WEI |
| 100 | 1 | 0 | |a Weiss |
| 245 | 1 | 0 | |a Leadership-driven hr : |b transforming hr to driver value for the business. |
| 260 | 0 | 0 | |a Toronto: |b Josey - Bass, |c 2013. |
| 300 | # | # | |a 271 p. |
| 650 | 0 | 0 | |a Strategic planning |
| 650 | 0 | 0 | |a Organizational effectiveness |
| 650 | 0 | 0 | |a Personel management |
| 999 | |a B000033786 |b Book |c Book |e Business Information Centre | ||


